| 000 | 00793nam a22002177a 4500 | ||
|---|---|---|---|
| 008 | 081128t xxu||||| |||| 00| 0 eng d | ||
| 010 | _aENG-93005 | ||
| 020 |
_c200.00 _a8185517760 |
||
| 035 | _aEN-76538 | ||
| 037 | _bDBAD / PUB | ||
| 040 |
_adpl _bEnglish |
||
| 082 | _a005.3 | ||
| 100 | _aMahendran, S.K. | ||
| 245 |
_aFundamentals of computers & MS-Office / _cby S.K. Mahendran |
||
| 260 |
_bPalani Paramount Publications _c2008 _aPalani |
||
| 270 |
_a57, Anna Nagar, _bPalani _e624602 |
||
| 300 |
_a308p. _c22cm (pbk) |
||
| 650 | _aMicrosoft office | ||
| 942 |
_2ddc _cEN _mMAH _h005.3 |
||
| 999 |
_c24041 _d24041 |
||